000 00576nam a2200169 a 4500
005 20250905063954.0
008 160728s1996 mx r 000 0 spa d
035 _aUPN01000211979
049 _aCG
050 4 _aHC123
_bA6.6
245 0 3 _aEl apoyo a las iniciativas empresariales de los pobres :
_bexperiencias en el istmo centroamericano, México y la República Dominicana /
260 _aMéxico :
_bCEPAL,
_c1996.
300 _a93 p. :
_bcuadros
651 4 _aAmérica Latina
_xCondiciones económicas
_92747
650 4 _aPobreza
_zAmérica Latina
_91197
905 _aLibro
999 _c184080
_d184080